000
00307nam a2200121Ia 4500
008
190216s9999||||xx |||||||||||||| ||und||
100
_a
David Hillman
245
0
_a
Multimedia Technology And Applications
260
_b
Galgotia Publication Pvt Ltf
_c
1998
300
_a
274p
650
_a
Computer
942
_c
BK
999
_c
8637
_d
8637